How to shape a megaregion (Record no. 85031)

MARC details
000 -LEADER
fixed length control field 00935cad a22002655a 4500
001 - CONTROL NUMBER
control field L159868
008 - FIXED-LENGTH DATA ELEMENTS--GENERAL INFORMATION
fixed length control field 150226s2018 xxk f 000 0 eng d
035 ## - SYSTEM CONTROL NUMBER
System control number (Sirsi) u159868
041 0# - LANGUAGE CODE
Language code of text/sound track or separate title eng
100 1# - MAIN ENTRY--PERSONAL NAME
Personal name Shepard, Wade
245 00 - TITLE STATEMENT
Title How to shape a megaregion
260 ## - PUBLICATION, DISTRIBUTION, ETC.
Date of publication, distribution, etc. 2018
490 ## - SERIES STATEMENT
Series statement Modus
Volume/sequential designation April 2018, 16-24 (9)
520 ## - SUMMARY, ETC.
Summary, etc. A three part investigation into the rise of the "megaregion", viewed through the prism of China's explosive growth rate, demographic shifts in California and devolution in northern England. Think big ... no, bigger looks at Chinese vast, interconnected districs and the planning strategy behind them. Cash in the
590 ## - LOCAL NOTE (RLIN)
Local note KA
650 24 - SUBJECT ADDED ENTRY--TOPICAL TERM
Topical term or geographic name entry element MEGA-CITIES
650 24 - SUBJECT ADDED ENTRY--TOPICAL TERM
Topical term or geographic name entry element TRANSPORT
650 24 - SUBJECT ADDED ENTRY--TOPICAL TERM
Topical term or geographic name entry element MIGRATION
650 24 - SUBJECT ADDED ENTRY--TOPICAL TERM
Topical term or geographic name entry element PROPERTY PRICES
690 ## - LOCAL SUBJECT ADDED ENTRY--TOPICAL TERM (OCLC, RLIN)
Topical term or geographic name as entry element Infrastructure
9 (RLIN) 6246
700 1# - ADDED ENTRY--PERSONAL NAME
Personal name Spreeuwers, Brechtje
700 1# - ADDED ENTRY--PERSONAL NAME
Personal name Scruggs, Gregory
700 1# - ADDED ENTRY--PERSONAL NAME
Personal name Ross, Matt
942 ## - ADDED ENTRY ELEMENTS (KOHA)
Suppress in OPAC 0
Source of classification or shelving scheme Dewey Decimal Classification
Holdings
Withdrawn status Lost status Source of classification or shelving scheme Damaged status Not for loan Home library Current library Shelving location Date acquired Total Checkouts Full call number Barcode Date last seen Copy number Price effective from Koha item type
    Dewey Decimal Classification     London London Journal article 20/03/2018   L159868 159868-1001 06/08/2019 1 06/08/2019 Journal article